Which Country is that - Statistics

General Stats
  • This quiz has been taken 39 times
  • The average score is 8 of 15
Answer Stats
Picture Answer % Correct
United states
96%
Japan
85%
India
81%
Italy
81%
Brazil
69%
Jamaica
58%
Turkmenistan
54%
Nepal
46%
Bhutan
42%
Cuba
42%
Portugal
38%
Mali
35%
Bangladesh
27%
Malta
27%
Kazakhstan
23%
No matching quizzes found
Score Distribution
Percent of People with Each Score
Percentile by Number Answered
Your Score History
You have not taken this quiz